| 000 | 00926nam a2200217Ia 4500 | ||
|---|---|---|---|
| 003 | GCL | ||
| 008 | 140319s9999 xx 000 0 ara d | ||
| 040 |
_aGCL / _cGCL |
||
| 082 | 0 | 4 |
_a956.531 _bع ت |
| 100 | 1 | _aابن عساكر: ابومحمد القاسم على بن الحسن بن هبة الله بن الحسين | |
| 245 | 1 | 0 |
_aتاريخ مدينة دمشق وذكر فضلها وتسمية من حلها من الاماثل او اجتاز بنواحيها من وارديها واهلها / _cابن عساكر: ابومحمد القاسم على بن الحسن بن هبة الله بن الحسين |
| 700 | 1 | _aعبدالواحد بن سعيد | |
| 700 | 1 | _aعبيدة بن اشعب | |
| 700 | 1 | _aسكينة الشهابى | |
| 300 | _aمج 37 | ||
| 490 | _a | ||
| 650 | 0 | 4 | _aالتاريخ الاسلامى |
| 650 | 0 | 4 | _aالمدن العربية |
| 650 | 0 | 4 | _aدمشق - تاريخ |
| 942 |
_2ddc _cBK |
||
| 999 |
_c44335 _d44335 |
||